[Event "Val d'Or op"]
[Site "Val d'Or"]
[Date "2000.05.20"]
[Round "1"]
[White "Royer, Pierre"]
[Black "Ferderber, Harold"]
[Result "0-1"]
[WhiteElo "1405"]
[BlackElo "1732"]
[PlyCount "71"]
[EventDate "2000.05.??"]
[EventType "swiss"]
[EventRounds "4"]
[EventCountry "CAN"]
[SourceTitle "EXT 2005"]
[Source "ChessBase"]
[SourceDate "2004.11.15"]
[SourceVersion "1"]
[SourceVersionDate "2004.11.15"]
[SourceQuality "1"]

1. d4 Nf6 2. c4 e6 3. Nf3 Bb4+ 4. Bd2 Bxd2+ 5. Nbxd2 b6 6. e3 Bb7 7. Bd3 Nc6 8. Rc1 h6 9. a3 Ne7 10. e4 Ng6 11. 0-0 Nf4 12. Bb1 g5 13. d5 Qe7 14. Re1 e5 15. Nf1 h5 16. Ng3 g4 17. Nf5 Qf8 18. Nxe5 Qg8 19. Nd3 Nh3+ 20. gxh3 gxh3+ 21. Ng3 h4 22. Qf3 hxg3 23. fxg3 Ng4 24. Rf1 Rh6 25. Qf4 Qg7 26. Nf2 Ne5 27. Nd3 Nxd3 28. Bxd3 0-0-0 29. e5 Re8 30. Qxf7 Qxe5 31. Qxe8+ Qxe8 32. Rce1 Qh8 33. Rf4 Kb8 34. Ref1 Qxb2 35. Rf8+ Bc8 36. Be4 0-1